000 00665nam a2200217Ia 4500
001 17722
003 GE_BSU
008 181216s||||||||xx |||||||||||||| ||und||
040 _cGE_BSU
080 _a531.8(075.8)
100 _aГавриленко,В.А. Минут,С.Б. Мусатов,А.К. и др.
245 _aТеория механизмов.
245 _bУчебное пособие.
245 _cПод ред. В.А.Гавриленко. Ред. Н.Н.Ещенко.
260 _aМ.
260 _bВысшая школа.
260 _c1973.
300 _a511 стр. 22 см.
653 _aТеория механизмов.
942 _cBK
999 _c50770
_d50770